Vývoj priemyselnej štruktúry Švédska bakalárska práca

Na minha lista:
Detalhes bibliográficos
Autor principal: Mitalová, Karina
Autor Corporativo: Fakulta medzinárodných vzťahov EU. Katedra medzinárodných ekonomických vzťahov a hospodárskej diplomacie
Outros Autores: Harakaľová, Ľubica, 1963-
Formato: Livro
Idioma:eslovaco
Publicado em: Bratislava 2016
Tags: Adicionar Tag
Sem tags, seja o primeiro a adicionar uma tag!

MARC

LEADER 00000nbm a2200000 4500
001 0218152
005 20170209105348.9
041 0 |a slo 
044 |a SK 
245 1 0 |a Vývoj priemyselnej štruktúry Švédska  |b bakalárska práca  |c Karina Mitalová ; školiteľ: Ľubica Harakaľová 
264 1 |a Bratislava  |c 2016 
300 |a 58 s. 
100 1 |a Mitalová, Karina 
700 1 |a Harakaľová, Ľubica, 1963- 
710 2 |a Fakulta medzinárodných vzťahov EU. Katedra medzinárodných ekonomických vzťahov a hospodárskej diplomacie